Statistické přehledy

Na minha lista:
Detalhes bibliográficos
Formato: Periódico
Idioma:tcheco
Publicado em: Praha Panorama 1988
Tags: Adicionar Tag
Sem tags, seja o primeiro a adicionar uma tag!

MARC

LEADER 00000nas2a2200000 4500
001 s039937
005 20250730114151.1
041 0 |a cze 
044 |a CZ 
245 1 0 |a Statistické přehledy 
264 1 |a Praha  |b Panorama  |c 1988 
773 0 |w eu_un_cat*s120235